| 000 | 01184nam a2200253 4500 | ||
|---|---|---|---|
| 003 | OSt | ||
| 005 | 20260530113918.0 | ||
| 008 | 260508b1993 mx ||||| |||| 00| 0 spa d | ||
| 040 |
_aICI _bspa _cICI _erda |
||
| 050 | 0 | 0 |
_aTD775 _bS26 1993 |
| 100 | _eautor | ||
| 245 | 1 | 3 |
_aEl sanitario ecológico seco : _bmanual de tecnología apropiada al medio rural / _c$c Centro de Innovación Tecnológica. |
| 264 | 1 |
_aMéxico : _b[Editorial no identificada], _c1993. |
|
| 300 |
_a1 volumen _b ilustraciones |
||
| 336 |
_2rdacontent _atexto |
||
| 337 |
_2rdamedia _asin medio |
||
| 338 |
_2rdacarrier _avolumen |
||
| 490 | 0 |
_aManual de tecnología apropiada al medio rural _v no. 3 |
|
| 500 | _aDescribe el diseño, construcción y mantenimiento de sanitarios que no requieren agua para su funcionamiento, enfocados en la sostenibilidad rural.Describe el diseño, construcción y mantenimiento de sanitarios que no requieren agua para su funcionamiento, enfocados en la sostenibilidad rural. | ||
| 650 | 4 |
_aSanitarios secos _v Manuales. _934326 |
|
| 650 | 4 |
_aSaneamiento rural _xTecnología apropiada. _934327 |
|
| 650 | 4 |
_a Letrinas _xDiseño y construcción _934328 |
|
| 942 |
_2lcc _n1 _cBK |
||
| 999 |
_c12353 _d12353 |
||